| 000 | 004880000a22001690004500 | ||
|---|---|---|---|
| 003 | MACL | ||
| 005 | 20160420130728.0 | ||
| 008 | 160420b xxu||||| |||| 00| 0 eng d | ||
| 040 |
_aMACL _cMACL |
||
| 041 | _aHindi | ||
| 082 | _a100 | ||
| 245 | _aअध्यात्म ज्ञानेश्वरी | ||
| 260 |
_bज्ञान यज्ञ प्रकाशन _c1994 _aदिल्ली |
||
| 350 | _a100 | ||
| 650 |
_aPhilosophy _952854 |
||
| 942 |
_cHIN _k100 _2ddc |
||
| 999 |
_c20037 _d20037 |
||